Statistics for Hottest Cities in the U.S.

Click here to take the quiz!

General Stats

  • This quiz has been taken 58,500 times
    (10,665 since last reset)
  • The average score is 16 of 23

Answer Stats

° FCity° C% Correct
77.7Miami25.4
96%
63.7Los Angeles17.6
94%
75.6Phoenix24.2
94%
68.0Dallas20.0
93%
71.1Houston21.7
93%
64.3San Diego17.9
89%
73.3Orlando22.9
85%
68.7Austin20.4
84%
70.3New Orleans21.3
84%
69.8Las Vegas21.0
83%
74.0Tampa23.3
82%
70.3San Antonio21.3
79%
69.1Jacksonville20.6
78%
78.1Honolulu25.6
75%
66.0El Paso18.9
73%
70.6Tucson21.4
66%
68.5Baton Rouge20.3
52%
63.8Birmingham17.6
48%
65.3Fresno18.5
37%
72.9Corpus Christi22.7
35%
66.5Riverside19.1
34%
66.0Bakersfield18.9
31%
75.0Laredo23.9
19%

Score Distribution

Percentile by Number Answered

Percent of People with Each Score

Your Score History

You have not taken this quiz since the last reset